[Event "Bundesliga (2nd) South 1992/93"]
[Site "masterchessopen.com Germany"]
[Round "0"]
[White "Stromer Alexander (GER)"]
[Black "Bastian Herbert (GER)"]
[Result "1-0"]
[WhiteElo "2254"]
[BlackElo "2338"]

1.e4 g6 2.d4 Bg7 3.c4 c5 4.Nf3 cxd4 5.Nxd4 Nc6 6.Be3 Nf6 7.Nc3 Ng4 8.Qxg4 Nxd4
9.Qd1 Ne6 10.Qd2 b6 11.Bd3 Bb7 12.Rc1 Rc8 13.O-O O-O 14.Bh6 Bxh6 15.Qxh6 Nc5
16.Bb1 d6 17.Nd5 e6 18.Rc3 exd5 19.Rh3 Re8 20.Qxh7+ Kf8 21.Rf3 Rc7 22.exd5 f5
23.Qxg6 Rg7 24.Qxf5+ Kg8 25.Rg3 Qh4 26.b4 Ne4 27.Re1 Re5 28.Rxg7+ Kxg7 29.Rxe4
Rxf5 30.Rxh4 Re5 31.Re4 Kf6 32.f4 Re7 33.Rxe7 Kxe7 34.Be4 {#r} 1-0

[Event "Ch Italy"]
[Site "masterchessopen.com Italy"]
[Round "3"]
[White "Marzano Carlo (ITA)"]
[Black "Vallifuoco Giovanni (ITA)"]
[Result "1-0"]
[WhiteElo "2157"]
[BlackElo "2155"]

1.d4 Nf6 2.Nf3 g6 3.c4 c5 4.Nc3 Bg7 5.e4 cxd4 6.Nxd4 Nc6 7.Be3 Ng4 8.Qxg4 Nxd4
9.Qd1 Ne6 10.Be2 Bxc3+ 11.bxc3 b6 12.Qd5 Rb8 13.Qe5 O-O 14.Qxb8 f5 15.exf5
Rxf5 16.Bg4 Rf6 17.O-O Nc7 18.Rad1 Na6 19.Qxa7 {#r} 1-0

[Event "Izt (w)"]
[Site "masterchessopen.com Jakarta (Indonesia)"]
[Round "12"]
[White "Wang Pin (CHN)"]
[Black "Amura Claudia N (ARG)"]
[Result "1-0"]
[WhiteElo "2397"]
[BlackElo "2328"]

1.e4 c5 2.Nf3 Nc6 3.d4 cxd4 4.Nxd4 g6 5.c4 Bg7 6.Be3 Nf6 7.Nc3 Ng4 8.Qxg4 Nxd4
9.Qd1 Nc6 10.Be2 d6 11.O-O O-O 12.f4 Rb8 13.Qd2 a6 14.Kh1 Re8 15.f5 Bd7 16.Bh6
Bh8 17.Qf4 Ne5 18.Rad1 Qc8 19.c5 Qxc5 20.Nd5 Qa5 21.f6 e6 22.Ne7+ Rxe7 23.fxe7
Be8 24.Rxd6 Qc7 25.Rxe6 {#r} 1-0

[Event "It (open) \"]
[Site "masterchessopen.com Nethanya (Israel)"]
[Round "7"]
[White "Lipes Yosef (ISR)"]
[Black "Tsifanskaya Ludmila A (ISR)"]
[Result "1-0"]
[WhiteElo "2107"]
[BlackElo "2117"]

1.e4 c5 2.Nf3 Nc6 3.d4 cxd4 4.Nxd4 g6 5.c4 Bg7 6.Be3 Nf6 7.Nc3 Ng4 8.Qxg4 Nxd4
9.Qd1 Ne6 10.Be2 Bxc3+ 11.bxc3 Qa5 12.O-O Qxc3 13.Rc1 Qa5 14.c5 b6 15.Qd5 O-O
16.Qxa8 Ba6 17.Qxa7 Bxe2 18.cxb6 Qxa7 19.bxa7 Bxf1 20.Kxf1 f6 21.Rb1 Nc7
22.Bb6 Na8 23.Ba5 Kf7 24.Rb8 d6 25.Bd8 {#r} 1-0

[Event "Ch Netherlands (team)"]
[Site "masterchessopen.com Netherlands"]
[Round "6"]
[White "De Jong Migchiel (NED)"]
[Black "Westerveld Wim (NED)"]
[Result "1-0"]
[WhiteElo "2370"]
[BlackElo "2175"]

1.e4 c5 2.Nf3 g6 3.c4 Nc6 4.d4 cxd4 5.Nxd4 Bg7 6.Be3 Nf6 7.Nc3 Ng4 8.Qxg4 Nxd4
9.Qd1 Ne6 10.Rc1 Qa5 11.Be2 b6 12.O-O Bb7 13.Bg4 Rc8 14.Qd3 Bxc3 15.Rxc3 Qe5
16.f3 Rc7 17.Re1 O-O 18.Qd2 d6 19.f4 Qa5 20.Kh1 Bxe4 21.Bxb6 axb6 22.Rxe4 Nc5
23.Re1 Qxa2 24.f5 Na4 25.Qh6 Qxb2 26.f6 {#r} 1-0

[Event "It (active)"]
[Site "masterchessopen.com Oviedo (Spain)"]
[Round "0"]
[White "Britton Richard (ENG)"]
[Black "Wells Peter K (ENG)"]
[Result "1-0"]
[WhiteElo "2305"]
[BlackElo "2455"]

1.e4 c5 2.Nf3 Nc6 3.d4 cxd4 4.Nxd4 g6 5.c4 Bg7 6.Be3 Nf6 7.Nc3 Ng4 8.Qxg4 Nxd4
9.Qd1 e5 10.Bd3 O-O 11.O-O b6 12.Qd2 Bb7 13.Bh6 d6 14.Bxg7 Kxg7 15.f4 exf4
16.Rxf4 Ne6 17.Rf2 Qg5 18.Bc2 Qe5 19.Rd1 Rac8 20.b3 a6 21.a4 Rfd8 22.Rdf1 Rc7
23.Kh1 Nd4 24.Rf4 Re8 25.Rh4 f6 26.Rhf4 d5 27.exd5 Nxc2 28.Re4 Ne3 29.Qxe3
{#r} 1-0

[Event "It (active)"]
[Site "masterchessopen.com Oviedo (Spain)"]
[Round "0"]
[White "Suba Mihai (ROM)"]
[Black "Rivera Daniel (URU)"]
[Result "1-0"]
[WhiteElo "2500"]
[BlackElo "2415"]

1.c4 c5 2.Nf3 Nc6 3.d4 cxd4 4.Nxd4 g6 5.e4 Bg7 6.Be3 Nf6 7.Nc3 Ng4 8.Qxg4 Nxd4
9.Qd1 Ne6 10.Rc1 O-O 11.Qd2 d6 12.b4 Bd7 13.Be2 Bc6 14.Nd5 f5 15.exf5 gxf5
16.O-O Qe8 17.Rfe1 Kh8 18.f4 Qf7 19.Bf3 a6 20.Bb6 Bh6 21.Qc3+ Bg7 22.Qe3 Bd7
23.a4 Rac8 24.Kh1 Bh6 25.g3 Rg8 26.a5 Rg7 27.Qc3 Kg8 28.Rc2 Rg6 29.Rce2 Bg7
30.Qd3 {#r} 1-0

[Event "Ch World (team) (under 26)"]
[Site "masterchessopen.com Parana (Argentina)"]
[Round "2"]
[White "Neubauer Martin (AUT)"]
[Black "Martin Del Campo Roberto (MEX)"]
[Result "0-1"]
[WhiteElo "2431"]
[BlackElo "2420"]

1.e4 c5 2.c4 Nc6 3.Ne2 g6 4.d4 cxd4 5.Nxd4 Bg7 6.Be3 Nf6 7.Nc3 Ng4 8.Qxg4 Nxd4
9.Qd1 Ne6 10.Rc1 Qa5 11.Bd3 b6 12.O-O g5 13.Qd2 Qe5 14.Rfd1 d6 15.b4 Bb7 16.c5
bxc5 17.bxc5 dxc5 18.Bb5+ Kf8 19.Qd7 Rb8 20.Nd5 Bf6 21.Bd3 Kg7 22.Bxc5 Rhd8
23.Qa4 Nxc5 24.Rxc5 e6 25.Nxf6 Qxc5 26.Ng4 Bc6 {#R} 0-1

[Event "Ch Russia (1/2 final)"]
[Site "masterchessopen.com Perm (Russia)"]
[Round "0"]
[White "Ikonnikov Dmitrij (RUS)"]
[Black "Vokarev Sergey (RUS)"]
[Result "1-0"]
[WhiteElo "2411"]
[BlackElo "2431"]

1.e4 c5 2.Nf3 Nc6 3.d4 cxd4 4.Nxd4 g6 5.c4 Bg7 6.Be3 Nf6 7.Nc3 Ng4 8.Qxg4 Nxd4
9.Qd1 Ne6 10.Rc1 Qa5 11.Be2 b6 12.O-O Bb7 13.f3 g5 14.Rf2 Be5 15.g3 h5 16.Nd5
Bxb2 17.Rb1 Qa3 18.Bf1 Bxd5 19.Qxd5 Nc7 20.Qd2 Bc3 21.Qd3 Bb4 22.Rb3 Qa5
23.Bh3 O-O-O 24.c5 Na6 25.cxb6 axb6 26.Bf1 Nb8 27.Rfb2 Bc5 28.Rxb6 Bxb6
29.Bxb6 Qa4 30.Qc3+ Qc6 31.Qa5 Rde8 32.Ba7 Na6 33.Bxa6+ {#r} 1-0

[Event "It (open)"]
[Site "masterchessopen.com Pula (Croatia)"]
[Round "1"]
[White "Mihalincic Tomislav (CRO)"]
[Black "Tomicic Zvonimir (CRO)"]
[Result "1-0"]
[WhiteElo "2249"]
[BlackElo "2217"]

1.e4 c5 2.Nf3 Nc6 3.d4 cxd4 4.Nxd4 g6 5.c4 Bg7 6.Be3 Nf6 7.Nc3 Ng4 8.Qxg4 Nxd4
9.Qd1 Ne6 10.Qd2 Qa5 11.Rc1 b6 12.Be2 Bb7 13.f3 g5 14.O-O Qe5 15.b4 d6 16.Nd5
Rc8 17.Rfd1 Bc6 18.Bd3 h6 19.Bc2 Bd7 20.Bb3 g4 21.f4 Qxe4 22.Nxe7 Rd8 23.Bc2
Qb7 24.Nf5 Bf8 25.Bd4 Rg8 26.Bf6 g3 27.h3 Rc8 28.Nxd6+ Bxd6 29.Qxd6 Bc6 30.f5
Bxg2 31.fxe6 fxe6 32.Qxe6+ Kf8 33.Rd7 {#r} 1-0

[Event "It (open) \"]
[Site "masterchessopen.com Schwabisch Gmund (Germany)"]
[Round "9"]
[White "Meijers Viesturs (LAT)"]
[Black "Drill Frank (GER)"]
[Result "1-0"]
[WhiteElo "2471"]
[BlackElo "2137"]

1.e4 c5 2.Nf3 g6 3.d4 cxd4 4.Nxd4 Bg7 5.c4 Nc6 6.Be3 Nf6 7.Nc3 Ng4 8.Qxg4 Nxd4
9.Qd1 e5 10.Bd3 O-O 11.O-O d6 12.Qd2 Be6 13.Rad1 a6 14.b3 Qa5 15.Bxd4 exd4
16.Ne2 Qa3 17.Bb1 d3 18.Qxd3 Rfd8 19.h3 Rac8 20.f4 Rc5 21.f5 Bc8 22.Qf3 gxf5
23.exf5 Re5 24.Ng3 Qc5+ 25.Kh1 Re3 26.Qg4 Kh8 27.Ne4 Qe5 28.Qg5 {#r} 1-0

[Event "Ch Spain (team)"]
[Site "masterchessopen.com Spain"]
[Round "0"]
[White "Perez Pardo Juan Carlos (ESP)"]
[Black "Clemente A"]
[Result "1-0"]
[WhiteElo "2282"]
[BlackElo "2200"]

1.e4 c5 2.Nf3 Nc6 3.d4 cxd4 4.Nxd4 g6 5.c4 Nf6 6.Nc3 Bg7 7.Be3 Ng4 8.Qxg4 Nxd4
9.Qd1 e5 10.Bd3 O-O 11.O-O d6 12.f4 f5 13.Bxd4 exd4 14.Nd5 Kh8 15.exf5 Bxf5
16.Bxf5 Rxf5 17.Qb3 Rf7 18.Rae1 Qd7 19.Re4 Re8 20.Rfe1 Rxe4 21.Rxe4 h6 22.Qd3
Kh7 23.b3 Qf5 24.h3 b5 25.g4 bxc4 26.bxc4 Qd7 27.Re1 Bh8 28.Kg2 Qc8 29.Kg3 Kg7
30.Ne7 {#r} 1-0

[Event "Ch Spain (team) (2 div)"]
[Site "masterchessopen.com Spain"]
[Round "5"]
[White "Santos Marco (POR)"]
[Black "Carneiro Carlos (POR)"]
[Result "0-1"]
[WhiteElo "2045"]
[BlackElo "2252"]

1.e4 c5 2.Nf3 Nc6 3.d4 cxd4 4.Nxd4 g6 5.c4 Bg7 6.Be3 Nf6 7.Nc3 Ng4 8.Nxc6 Nxe3
9.Nxd8 Nxd1 10.Nxd1 Kxd8 11.Bd3 d6 12.O-O Be6 13.Rb1 Kd7 14.Ne3 Rhc8 15.b3 Kd8
16.Rfd1 a6 17.Be2 b5 18.Nd5 Bxd5 19.Rxd5 b4 20.Rbd1 Ke8 21.f4 Bc3 22.g4 a5
23.R5d3 a4 24.Rh3 axb3 25.axb3 Ra2 26.Kf1 Rb2 27.Rxh7 Ra8 28.e5 Raa2 29.Rh8+
Kd7 30.exd6 Rxe2 31.dxe7+ Kxe7 {#R} 0-1

[Event "It (open)"]
[Site "masterchessopen.com Sweden"]
[Round "0"]
[White "Palmblad Jan Peter (SWE)"]
[Black "Braathen Tom (SWE)"]
[Result "0-1"]
[WhiteElo "2133"]
[BlackElo "2100"]

1.e4 c5 2.Nf3 Nc6 3.d4 cxd4 4.Nxd4 g6 5.c4 Bg7 6.Be3 Nf6 7.Nc3 Ng4 8.Qxg4 Nxd4
9.Qd1 e5 10.Qd2 O-O 11.Rc1 d6 12.Be2 Be6 13.O-O a6 14.b3 Qa5 15.Qb2 f5 16.f3
b5 17.b4 Qd8 18.Nd5 fxe4 19.fxe4 Qh4 20.Bd3 bxc4 21.Rxc4 Rxf1+ 22.Bxf1 Qxe4
23.Bxd4 Bxd5 24.Bb6 Bxc4 {#R} 0-1

[Event "Staatsliga"]
[Site "masterchessopen.com Wiener Neustadt (Austria)"]
[Round "2"]
[White "Schroll Gerhard (AUT)"]
[Black "Supancic Darko (SLO)"]
[Result "0-1"]
[WhiteElo "2388"]
[BlackElo "2368"]

1.c4 g6 2.e4 c5 3.Nf3 Nc6 4.d4 cxd4 5.Nxd4 Bg7 6.Be3 Nf6 7.Nc3 Ng4 8.Qxg4 Nxd4
9.Qd1 Ne6 10.Qd2 Qa5 11.Rc1 b6 12.Be2 Bb7 13.f3 g5 14.O-O h5 15.Rfd1 d6 16.a3
h4 17.Rc2 Bc6 18.Qc1 Qe5 19.b3 Qf6 20.Nd5 Qg6 21.a4 Be5 22.Qd2 Kf8 23.a5 bxa5
24.Qxa5 Nf4 25.h3 Bxd5 26.cxd5 g4 27.hxg4 h3 28.g3 Nh5 29.Bf1 Nxg3 30.Qa2 Nxe4
31.Bd3 h2+ 32.Kh1 Ng3+ 33.Kg2 Qxd3 {#R} 0-1

[Event "It (open)"]
[Site "masterchessopen.com Berga (Spain)"]
[Round "8"]
[White "Spassov Liuben (BUL)"]
[Black "Lupu Smaranda B (FRA)"]
[Result "1-0"]
[WhiteElo "2430"]
[BlackElo "2181"]

1.Nf3 c5 2.c4 g6 3.d4 cxd4 4.Nxd4 Bg7 5.e4 Nc6 6.Be3 Nf6 7.Nc3 Ng4 8.Qxg4 Nxd4
9.Qd1 Ne6 10.Rc1 Qa5 11.Qd2 b6 12.Be2 Bb7 13.f3 g5 14.O-O Qe5 15.Rfd1 d6 16.b4
h5 17.Nd5 h4 18.Qc2 Kf8 19.Qa4 g4 20.Qd7 Bxd5 21.cxd5 Bh6 22.Bxh6+ Rxh6
23.dxe6 h3 24.Rc8+ Rxc8 25.Qxc8+ Kg7 26.exf7 {#r} 1-0

[Event "It (open) \"]
[Site "masterchessopen.com Berlin (Germany)"]
[Round "0"]
[White "Kuporosov Viktor (RUS)"]
[Black "Stupperich Reiner (GER)"]
[Result "1-0"]
[WhiteElo "2510"]
[BlackElo "2150"]

1.e4 c5 2.Nf3 g6 3.d4 cxd4 4.Nxd4 Bg7 5.c4 Nc6 6.Be3 Nf6 7.Nc3 Ng4 8.Qxg4 Nxd4
9.Qd1 Ne6 10.Rc1 d6 11.Be2 Bd7 12.O-O Nc5 13.b4 Ne6 14.Qd2 O-O 15.f4 a5 16.Nd5
axb4 17.Bb6 Bc3 18.Rxc3 bxc3 19.Qe3 Qe8 20.f5 Nc5 21.f6 Kh8 22.fxe7 Rg8
23.Qxc3+ Rg7 24.Bxc5 Rxa2 25.Bd4 {#r} 1-0

[Event "It"]
[Site "masterchessopen.com Budapest (Hungary)"]
[Round "8"]
[White "Beim Valery (AUT)"]
[Black "Becker Michael (GER)"]
[Result "1-0"]
[WhiteElo "2545"]
[BlackElo "2079"]

1.Nf3 c5 2.c4 Nc6 3.d4 cxd4 4.Nxd4 g6 5.e4 Bg7 6.Be3 Nf6 7.Nc3 Ng4 8.Qxg4 Nxd4
9.Qd1 Ne6 10.Rc1 Qa5 11.Bd3 b6 12.O-O Bb7 13.a3 g5 14.Qd2 h5 15.Rfd1 h4 16.c5
bxc5 17.Bb5 Bd4 18.b4 Qxa3 19.bxc5 Bxe3 20.Bxd7+ Kf8 21.fxe3 Rd8 22.Nb5 Qb3
23.Nd4 Nxd4 24.Qxd4 e5 25.Qxe5 Qxe3+ 26.Kh1 Rh6 27.c6 h3 28.Bxh3 Rhd6 29.Bd7
R6xd7 30.cxd7 Rxd7 31.Qh8+ Ke7 32.Rxd7+ Kxd7 33.Rd1+ Ke6 34.Qe8+ Kf6 35.Rf1+
{#r} 1-0

[Event "It (a)"]
[Site "masterchessopen.com Budapest (Hungary)"]
[Round "1"]
[White "Csoke Adrienn (HUN)"]
[Black "Balogh Bela (HUN)"]
[Result "0-1"]
[WhiteElo "2097"]
[BlackElo "2225"]

1.e4 c5 2.Nf3 Nc6 3.d4 cxd4 4.Nxd4 g6 5.c4 Bg7 6.Be3 Nf6 7.Nc3 Ng4 8.Qxg4 Nxd4
9.Qd1 Ne6 10.Rc1 Qa5 11.Be2 b6 12.O-O Bb7 13.Nd5 Qxa2 14.b4 Qb2 15.Rc2 Qe5
16.f4 Qb8 17.f5 Bxd5 18.cxd5 Nd8 19.Bd4 Be5 20.f6 exf6 21.Bg4 Qd6 22.Qa1 O-O
23.g3 Nc6 24.Bxe5 Nxe5 25.Bh3 Qxb4 26.Rxf6 Qxe4 27.Rcf2 Qe3 28.Kh1 Rac8 29.Rf1
Rc2 30.Bg2 Ng4 31.R6f3 Qd2 {#R} 0-1

[Event "It"]
[Site "masterchessopen.com Bytom (Poland)"]
[Round "0"]
[White "Blehm Pawel (POL)"]
[Black "Siedlecki Czeslaw (POL)"]
[Result "1-0"]
[WhiteElo "2505"]
[BlackElo "1952"]

1.e4 c5 2.Nf3 Nc6 3.d4 cxd4 4.Nxd4 g6 5.c4 Bg7 6.Be3 Nf6 7.Nc3 Ng4 8.Qxg4 Nxd4
9.Qd1 Ne6 10.Be2 O-O 11.f4 d6 12.O-O Nc5 13.Qc2 Qa5 14.Nd5 Qd8 15.Rad1 Be6
16.Bxc5 Bxd5 17.Rxd5 {#r} 1-0

[Event "It (open)"]
[Site "masterchessopen.com Calcutta (India)"]
[Round "0"]
[White "Satyanarayanan Viswanathan (IND)"]
[Black "Sharma Lalgopal (IND)"]
[Result "0-1"]
[WhiteElo "2215"]
[BlackElo "2280"]

1.e4 c5 2.Nf3 Nc6 3.d4 cxd4 4.Nxd4 g6 5.c4 Bg7 6.Be3 Nf6 7.Nc3 Ng4 8.Be2 Nxe3
9.fxe3 O-O 10.O-O Ne5 11.Kh1 d6 12.Qd2 Bd7 13.Rac1 Rc8 14.b3 a6 15.Nd5 e6
16.Nc3 Qe7 17.Rfd1 Rfd8 18.Bf3 Be8 19.Qe2 Qg5 20.Rd2 h5 21.Rcd1 b5 22.Rc2 bxc4
23.bxc4 Nxc4 24.Re1 Qxe3 25.Qxe3 Nxe3 26.Rxe3 Bxd4 27.Rd3 Be5 28.Bd1 Rc4
29.Ne2 Rxe4 30.Rc7 d5 31.Ra7 Bb5 32.Rd2 Rc8 33.g3 h4 34.a4 Bxa4 35.Bxa4 Rxa4
{#R} 0-1

[Event "Ch Europe (corr.)"]
[Site "masterchessopen.com corr."]
[Round "0"]
[White "Danek Libor (CZE)"]
[Black "Pares Vives Jose (ESP)"]
[Result "1-0"]
[WhiteElo "2355"]
[BlackElo "2375"]

1.e4 c5 2.Nf3 Nc6 3.d4 cxd4 4.Nxd4 g6 5.c4 Bg7 6.Be3 Nf6 7.Nc3 Ng4 8.Qxg4 Nxd4
9.Qd1 Ne6 10.Rc1 Qa5 11.Bd3 g5 12.c5 Be5 13.O-O h5 14.Bc4 Qc7 15.g3 h4 16.Nd5
Qb8 17.f4 Bxb2 18.Rc2 Ba3 19.Qd3 gxf4 20.Nxf4 {#r} 1-0

[Event "?"]
[Site "masterchessopen.com corr."]
[Round "0"]
[White "Ninov Nikolai (BUL)"]
[Black "Meister Yakov (GER)"]
[Result "1-0"]
[WhiteElo "2512"]
[BlackElo "2445"]

1.e4 c5 2.Nf3 g6 3.d4 cxd4 4.Nxd4 Bg7 5.c4 Nc6 6.Be3 Nf6 7.Nc3 Ng4 8.Qxg4 Bxd4
9.Bxd4 Nxd4 10.O-O-O e5 11.f4 d6 12.Qg3 f6 13.h4 Be6 14.h5 g5 15.fxg5 fxg5
16.c5 h6 17.Bb5+ Ke7 18.Nd5+ Bxd5 19.Rxd4 exd4 20.exd5 Qc7 21.Kb1 Kd8 22.cxd6
Qh7+ 23.Ka1 a6 24.Qa3 Rb8 25.Bd3 Qd7 26.Qb4 b6 27.Bxa6 b5 28.Qa5+ Ke8 29.Qc7
{#r} 1-0

[Event "It (open)"]
[Site "masterchessopen.com Finkenstein (Austria)"]
[Round "0"]
[White "Genser Harald (AUT)"]
[Black "Velickovic Zoran (SLO)"]
[Result "0-1"]
[WhiteElo "2291"]
[BlackElo "2295"]

1.e4 c5 2.Nf3 g6 3.d4 cxd4 4.Nxd4 Bg7 5.c4 Nc6 6.Be3 Nf6 7.Nc3 Ng4 8.Qxg4 Nxd4
9.Qd1 e5 10.Bd3 O-O 11.O-O d6 12.Ne2 Nc6 13.Qd2 Be6 14.Rad1 a6 15.b3 Rc8
16.Bb1 b5 17.cxb5 axb5 18.Nc3 Qa5 19.Nd5 b4 20.Bb6 Qa6 21.Be3 Qb7 22.Rc1 f5
23.f3 Kh8 24.Rfd1 Nd4 25.Rxc8 Rxc8 26.Bxd4 exd4 27.Nxb4 fxe4 28.fxe4 Bf7
29.Bd3 Rc3 30.Nc2 Qc6 31.Ne1 h5 32.Kh1 Kh7 33.Qe2 Qd7 34.Nf3 Kg8 35.Qf2 {#R}
0-1

[Event "Ch Finland (team) 1994/95"]
[Site "masterchessopen.com Finland"]
[Round "6"]
[White "Kokkila Tero (FIN)"]
[Black "Hokkanen Petri (FIN)"]
[Result "0-1"]
[WhiteElo "2330"]
[BlackElo "2300"]

1.e4 c5 2.Nf3 Nc6 3.d4 cxd4 4.Nxd4 g6 5.c4 Bg7 6.Be3 Nf6 7.Nc3 Ng4 8.Qxg4 Nxd4
9.Qd1 Ne6 10.Bd3 Bxc3+ 11.bxc3 Qc7 12.O-O b6 13.f4 Bb7 14.a4 Nc5 15.Bd4 Rg8
16.Qe2 Rc8 17.f5 Nxd3 18.Qxd3 gxf5 19.Rxf5 Qxc4 20.Qe3 Rc6 21.Qf4 Rcg6 22.Rc5
Rxg2+ 23.Kh1 e5 24.Rxe5+ Kd8 25.a5 Qe2 26.Bg1 Rxh2+ {#R} 0-1

[Event "It (open)"]
[Site "masterchessopen.com Foment (Spain)"]
[Round "0"]
[White "Brugarolas Manzaneque Carlos (ESP)"]
[Black "Gomila Pons Alvaro (ESP)"]
[Result "0-1"]
[WhiteElo "2049"]
[BlackElo "1927"]

1.e4 c5 2.Nf3 g6 3.d4 cxd4 4.Nxd4 Bg7 5.c4 Nc6 6.Be3 Nf6 7.Nc3 Ng4 8.Qxg4 Nxd4
9.Qd1 Ne6 10.Rc1 Qa5 11.Qd2 b6 12.Bd3 Bb7 13.O-O g5 14.c5 bxc5 15.Bb5 Rd8
16.Bxc5 Nxc5 17.Qxg5 Bxc3 18.Rxc3 Qxb5 19.Rxc5 Qb6 20.Rb5 Qc6 21.Rc1 h6
22.Rxc6 hxg5 23.Rc7 Bc6 24.Rxg5 f6 25.Ra5 Bxe4 26.f3 Bc6 27.b4 Rg8 28.Kf2 Rb8
29.a3 Kf7 30.Rcxa7 Rg5 31.h4 Rxa5 32.Rxa5 e5 33.g4 Ke6 34.h5 {#R} 0-1

[Event "Oberliga Northwest 1993/94"]
[Site "masterchessopen.com Germany"]
[Round "0"]
[White "Bode Wilfried (GER)"]
[Black "Lau Dietmar (GER)"]
[Result "1-0"]
[WhiteElo "2356"]
[BlackElo "2229"]

1.e4 c5 2.Nf3 Nc6 3.d4 cxd4 4.Nxd4 g6 5.c4 Bg7 6.Be3 Nf6 7.Nc3 Ng4 8.Qxg4 Bxd4
9.Bxd4 Nxd4 10.O-O-O e5 11.Qg3 d6 12.f4 f6 13.f5 gxf5 14.Qg7 Rf8 15.Nd5 Ne6
16.Qxh7 fxe4 17.c5 Rf7 18.Qh8+ Rf8 19.Qh5+ Rf7 20.Bb5+ {#r} 1-0

[Event "It (open)"]
[Site "masterchessopen.com Isle of Man (Great Britain)"]
[Round "4"]
[White "Lalic Bogdan (ENG)"]
[Black "Pein Malcolm (ENG)"]
[Result "1-0"]
[WhiteElo "2530"]
[BlackElo "2420"]

1.Nf3 c5 2.c4 g6 3.d4 cxd4 4.Nxd4 Nc6 5.e4 Bg7 6.Be3 Nf6 7.Nc3 Ng4 8.Qxg4 Bxd4
9.Bxd4 Nxd4 10.Qd1 e5 11.Qd2 O-O 12.h4 d6 13.h5 Be6 14.Ne2 Nc6 15.b3 g5 16.h6
Kh8 17.O-O-O Qf6 18.Qe3 Rad8 19.Nc3 a6 20.Bd3 Rg8 21.Nd5 Bxd5 22.exd5 Nd4
23.Kb1 Qe7 24.g4 Qd7 25.f3 Rde8 26.Rc1 f5 27.c5 fxg4 28.fxg4 Ref8 29.cxd6 Qxd6
30.Rhf1 b5 31.Qe4 {#r} 1-0

[Event "Ch Europe (juniors) (g)"]
[Site "masterchessopen.com Litomysl (Czech Republic)"]
[Round "4"]
[White "Isaeva Avten (AZE)"]
[Black "Stankovic Marija (YUG)"]
[Result "0-1"]
[WhiteElo "2045"]
[BlackElo "2264"]

1.e4 c5 2.Nf3 Nc6 3.d4 cxd4 4.Nxd4 g6 5.c4 Bg7 6.Be3 Nf6 7.Nc3 Ng4 8.Qxg4 Nxd4
9.Qd1 Ne6 10.Rc1 b6 11.Bd3 Bb7 12.O-O O-O 13.Re1 Rc8 14.b3 a5 15.Qd2 Nc5
16.Bb1 d6 17.Bd4 e5 18.Be3 f5 19.exf5 gxf5 20.Bg5 Qe8 21.Qxd6 Rc6 22.Qd2 Qh5
23.Nd5 Kh8 24.Ne7 f4 25.Nxc6 Qxg5 26.Qd5 f3 27.g3 Qh6 28.Re3 Bxc6 29.Qd1 Bf6
30.Rcc3 e4 31.Rc2 Bg5 32.Rec3 Rd8 33.Qe1 Qh3 34.Qf1 Qxf1+ {#R} 0-1

[Event "It (open) \"]
[Site "masterchessopen.com Long Beach (USA)"]
[Round "0"]
[White "Ciaffone Robert (USA)"]
[Black "Anastasian Ashot (ARM)"]
[Result "0-1"]
[WhiteElo "2164"]
[BlackElo "2540"]

1.Nf3 c5 2.c4 g6 3.d4 Bg7 4.e4 cxd4 5.Nxd4 Nc6 6.Be3 Nf6 7.Nc3 Ng4 8.Qxg4 Nxd4
9.Qd1 Ne6 10.Rc1 b6 11.Be2 Bb7 12.f3 O-O 13.O-O a5 14.Na4 Ra6 15.b3 d6 16.c5
bxc5 17.Bxa6 Bxa6 18.Rf2 Nd4 19.Nb2 f5 20.Nc4 Bb7 21.exf5 Nxf5 22.Bd2 Bd4
23.Bxa5 Qd7 24.Bc3 Bxf2+ 25.Kxf2 Nh4 26.Nd2 Qg4 27.Qf1 Nxf3 {#R} 0-1

[Event "Tournament \"]
[Site "masterchessopen.com Miskolc (Hungary)"]
[Round "3"]
[White "Dancs Zsolt (HUN)"]
[Black "Juhasz Sandor (HUN)"]
[Result "1-0"]
[WhiteElo "2156"]
[BlackElo "1879"]

1.e4 c5 2.Nf3 Nc6 3.d4 cxd4 4.Nxd4 g6 5.c4 Nf6 6.Nc3 Bg7 7.Be3 Ng4 8.Qxg4 Nxd4
9.Qd1 Ne6 10.Qd2 b6 11.f4 Bb7 12.Nd5 Nc5 13.Bd3 Bxb2 14.Bxc5 Bxa1 15.Bxe7 Qb8
16.Ba3 Bxd5 17.exd5 d6 18.Qe3+ Kd7 19.O-O Bg7 20.Bc2 Qd8 21.Ba4+ Kc7 22.Re1
Bf6 23.Qd3 Rc8 24.Bc6 Kb8 25.Bb4 Rc7 26.Kf1 Re7 27.Rb1 h5 28.Qa3 Rd7 29.Bxd7
Qxd7 30.Bxd6+ Ka8 31.Rxb6 Bd4 32.Rb1 Qf5 33.Qb3 Qd7 {#r} 1-0

[Event "Olympiad"]
[Site "masterchessopen.com Moscow (Russia)"]
[Round "3"]
[White "Arnason Jon L (ISL)"]
[Black "Plachetka Jan (SVK)"]
[Result "1-0"]
[WhiteElo "2525"]
[BlackElo "2420"]

1.c4 c5 2.Nf3 g6 3.e4 Bg7 4.d4 cxd4 5.Nxd4 Nc6 6.Be3 Nf6 7.Nc3 Ng4 8.Qxg4 Nxd4
9.Qd1 Ne6 10.Rc1 Qa5 11.Be2 b6 12.O-O Bb7 13.f3 f5 14.exf5 gxf5 15.f4 Rg8
16.Bh5+ Kf8 17.Qxd7 Bd4 18.Bxd4 Bxg2 19.Kf2 Nxf4 20.b4 Nd3+ 21.Ke3 {#r} 1-0

[Event "Olympiad"]
[Site "masterchessopen.com Moscow (Russia)"]
[Round "12"]
[White "Prie Eric (FRA)"]
[Black "Vorontsov Nickolay (KAZ)"]
[Result "1-0"]
[WhiteElo "2475"]
[BlackElo "2390"]

1.e4 c5 2.Nf3 g6 3.d4 Bg7 4.c4 cxd4 5.Nxd4 Nc6 6.Be3 Nf6 7.Nc3 Ng4 8.Qxg4 Nxd4
9.Qd1 Ne6 10.Rc1 Qa5 11.Bd3 g5 12.Qh5 Qe5 13.g3 b6 14.O-O Bb7 15.Rfd1 h6 16.b4
O-O 17.Nd5 Nc7 18.f4 gxf4 19.Qxe5 Bxe5 20.Nxe7+ Kh8 21.gxf4 Bd6 22.Nd5 Nxd5
23.cxd5 f5 24.Bd4+ Kg8 25.e5 Bxb4 26.d6 Bd5 27.Kf2 Bxa2 28.Rg1+ Kh7 29.e6 Bc5
30.Bxc5 bxc5 31.e7 Rf6 32.Rxc5 Rxd6 33.Bxf5+ Kh8 34.Bg6 Re6 35.Re5 {#r} 1-0

[Event "Ch Yugoslavia (open)"]
[Site "masterchessopen.com Nis (Yugoslavia)"]
[Round "4"]
[White "Cabrilo Goran (SRB)"]
[Black "Djordjevic Dragan (SRB)"]
[Result "1-0"]
[WhiteElo "2454"]
[BlackElo "2205"]

1.e4 c5 2.Nf3 Nc6 3.d4 cxd4 4.Nxd4 g6 5.c4 Bg7 6.Be3 Nf6 7.Nc3 Ng4 8.Qxg4 Nxd4
9.Qd1 Ne6 10.Rc1 b6 11.Qd2 h5 12.Be2 Bb7 13.O-O Nc5 14.f3 a5 15.b3 Bc6 16.Rfd1
Rg8 17.Bf1 Be5 18.Bd4 Bb8 19.Nd5 g5 20.e5 Ba7 21.Re1 Ne6 22.Bf2 h4 23.a3 Bxd5
24.cxd5 Nf4 25.Bb5 e6 26.dxe6 fxe6 27.Red1 Nd5 28.g3 Rc8 29.Rc4 Rg7 30.gxh4
Rxc4 31.bxc4 Nf4 32.Kf1 Qe7 33.hxg5 Nh3 34.Qd6 Qf7 {#r} 1-0

[Event "It (open)"]
[Site "masterchessopen.com Nyiregyhaza (Hungary)"]
[Round "0"]
[White "Lengyel Ferenc (HUN)"]
[Black "Felegyhazi Laszlo (HUN)"]
[Result "1-0"]
[WhiteElo "2280"]
[BlackElo "2313"]

1.e4 c5 2.Nf3 Nc6 3.d4 cxd4 4.Nxd4 g6 5.c4 Bg7 6.Be3 Nf6 7.Nc3 Ng4 8.Qxg4 Nxd4
9.Qd1 Ne6 10.Rc1 Qa5 11.Qd2 b6 12.Bd3 g5 13.O-O Bb7 14.Rfd1 d6 15.Nd5 Qxd2
16.Rxd2 Be5 17.Bc2 Kf8 18.b4 Rd8 19.Bb3 h5 20.Rf1 Kg7 21.Nxe7 Bxe4 22.f3 Bb7
23.Rfd1 Kf6 24.Nd5+ Kg7 25.h4 f6 26.Ne7 Bc3 27.Rxd6 Bxb4 28.Rd7 Rxd7 29.Rxd7
Nc5 30.Rc7 Re8 31.Nf5+ Kf8 32.hxg5 Bc8 33.gxf6 Nd7 34.c5 Bxc5 35.Bxc5+ bxc5
{#r} 1-0